00727nam a2200241 a 4500001001300000003000900013005001700022008004100039020000900080082001500089100002000104245006600124260004400190300000900234500003500243505001000278650002200288700002000310902000800330942000700338952012500345999001500470nice12345678IN_TiNIC20260116011711.0050524s1978 bana grp 000 0 eng  ac2400a269.2bKAR aKarokaran, Anto aEvangelization and Diakoniab Study in the Indian Perspective aBangalorebDharmaram Publicationsc1978 a285p aincludes index and biblioraphy2 aIndex aEvangelistic Work1 aKarokaran, Anto bSRS cBK 001040708StackRoom-aHMIbHMId2007-07-13g24.00l1o269.2 KARp09443r2024-12-12s2023-08-22v24.00w2005-05-24yBK c3463d3463